000 00465nam a2200181Ia 4500
001 19204
005 20260306171727.0
008 260306s9999||||xx |||||||||||||| ||und||
041 _aESP
082 _a658.8
_bV66
100 _aVilas, José María
_eAUT
245 0 _aMarca líderes y distribuidores:
_bbuenas prácticas de colaboración
260 _c2011
300 _a731 páginas : ilus.
_c
650 _aGEN
654 _aCAN
942 _cLIB
_dJUS
_fJUS
_2ddc
_n
999 _c19204
_d19204